[Event "Alberta-ch"]
[Site "Edmonton CAN"]
[Date "1997.03.30"]
[Round "7"]
[White "Frialde, Arniel"]
[Black "Ristovic, Nenad"]
[Result "0-1"]
[WhiteElo "2290"]
[BlackElo "2340"]
[PlyCount "58"]
[GameId "2160767911966242"]
[EventDate "1997.03.27"]
[EventType "tourn"]
[EventRounds "7"]
[EventCountry "CAN"]

1. d4 d5 2. c4 e6 3. Nf3 c6 4. Nc3 Nf6 5. Bg5 dxc4 6. e4 b5 7. e5 h6 8. Bh4 g5 9. Nxg5 hxg5 10. Bxg5 Nbd7 11. exf6 Bb7 12. g3 Qb6 13. Bg2 O-O-O 14. O-O Ne5 15. a4 b4 16. dxe5 Rxd1 17. Nxd1 Qd4 18. Ne3 Bc5 19. Rac1 Ba6 20. Bf4 Kc7 21. b3 cxb3 22. Nf5 exf5 23. Be3 Qxe3 24. fxe3 Bxe3+ 25. Kh1 Bxc1 26. Rxc1 Bd3 27. Rxc6+ Kb8 28. Rc1 b2 29. Rd1 b1=Q 0-1

[Event "Alberta-ch"]
[Site "Edmonton CAN"]
[Date "1997.03.30"]
[Round "7"]
[White "Grumic, Sasha"]
[Black "Wu, Adam"]
[Result "1-0"]
[WhiteElo "2245"]
[BlackElo "1930"]
[PlyCount "65"]
[GameId "2160767911966243"]
[EventDate "1997.03.27"]
[EventType "tourn"]
[EventRounds "7"]
[EventCountry "CAN"]

1. b3 Nf6 2. Bb2 g6 3. e3 Bg7 4. Nf3 O-O 5. Be2 d5 6. O-O b6 7. d3 Bb7 8. Nbd2 c5 9. c4 dxc4 10. Nxc4 Nc6 11. a3 Qc7 12. Rc1 Rfd8 13. Qc2 e6 14. Qb1 Qe7 15. Qa1 Nh5 16. Bxg7 Nxg7 17. Rc2 Nf5 18. Ncd2 Qf8 19. Ne4 Qg7 20. Nf6+ Kh8 21. Rfc1 Nce7 22. g4 Nd6 23. g5 Nd5 24. e4 Nf4 25. Bf1 Nb5 26. Qe5 Nxd3 27. Bxd3 Rxd3 28. Ne1 Rxb3 29. Rd1 Nd4 30. Rxd4 cxd4 31. Rc7 d3 32. Rxb7 d2 33. Rb8+ 1-0

[Event "Alberta-ch"]
[Site "Edmonton CAN"]
[Date "1997.03.30"]
[Round "7"]
[White "Odachowski, Arthur"]
[Black "Huber, Gregory"]
[Result "1/2-1/2"]
[WhiteElo "2250"]
[BlackElo "2360"]
[PlyCount "62"]
[GameId "2160767911966244"]
[EventDate "1997.03.27"]
[EventType "tourn"]
[EventRounds "7"]
[EventCountry "CAN"]

1. e4 c5 2. d4 cxd4 3. c3 dxc3 4. Nxc3 Nc6 5. Nf3 d6 6. Bc4 e6 7. O-O Be7 8. Qe2 Nf6 9. Rd1 e5 10. h3 h6 11. Be3 O-O 12. Rac1 Be6 13. Bxe6 fxe6 14. b4 Qe8 15. Qc4 Qf7 16. Qb5 Nd8 17. a4 Qg6 18. Nd2 a6 19. Qb6 Rc8 20. b5 axb5 21. Nxb5 Rc6 22. Rxc6 bxc6 23. Na7 Nxe4 24. Nc8 Bh4 25. Nxe4 Qxe4 26. a5 Nf7 27. Nxd6 Qa4 28. Rd2 Bd8 29. Qb7 Qa1+ 30. Kh2 Qxa5 31. Qxc6 Qc7 1/2-1/2

[Event "Alberta-ch"]
[Site "Edmonton CAN"]
[Date "1997.03.30"]
[Round "7"]
[White "Walker, Warrick"]
[Black "Haessel, Dale"]
[Result "0-1"]
[WhiteElo "1970"]
[BlackElo "2300"]
[PlyCount "70"]
[GameId "2160767911966245"]
[EventDate "1997.03.27"]
[EventType "tourn"]
[EventRounds "7"]
[EventCountry "CAN"]

1. e4 c5 2. d4 cxd4 3. c3 Nf6 4. e5 Nd5 5. Nf3 e6 6. cxd4 d6 7. Bc4 Nb6 8. Bd3 Nc6 9. a3 dxe5 10. dxe5 Qc7 11. Bf4 Nd5 12. Bg3 b6 13. O-O Bb7 14. Qe2 Be7 15. Nbd2 O-O 16. Qe4 g6 17. Qg4 Rfd8 18. Be4 Rac8 19. Rac1 Qd7 20. Bb1 Bf8 21. Ne4 Ba6 22. Rfd1 Na5 23. Rxc8 Qxc8 24. Re1 Nc4 25. h4 Nxb2 26. h5 Bd3 27. hxg6 hxg6 28. Nfg5 Bxe4 29. Bxe4 Bg7 30. Qf3 Rd7 31. Bxd5 exd5 32. e6 fxe6 33. Rxe6 Qc1+ 34. Kh2 Qxg5 35. Re8+ Kh7 0-1

[Event "Alberta-ch U16"]
[Site "Red Deer CAN"]
[Date "1997.12.13"]
[Round "1"]
[White "Kazakevich, Anastasia"]
[Black "Mills, Alec"]
[Result "0-1"]
[WhiteElo "1288"]
[BlackElo "1395"]
[PlyCount "53"]
[GameId "2160767911874341"]
[EventDate "1997.12.13"]
[EventType "tourn"]
[EventRounds "5"]
[EventCountry "CAN"]
[SourceTitle "Albertabase"]
[SourceDate "2003.08.17"]
[SourceVersion "1"]
[SourceVersionDate "2003.08.17"]
[SourceQuality "1"]

1. e4 e5 2. Nf3 Nc6 3. Bb5 a6 4. Bxc6 dxc6 5. Nxe5 Qd4 6. Nf3 Qxe4+ 7. Qe2 Qxe2+ 8. Kxe2 Nf6 9. d3 g6 10. Re1 Bg7 11. Kf1+ Be6 12. Ng5 O-O 13. Bf4 Nd5 14. Nxe6 fxe6 15. Be5 Bxe5 16. Rxe5 Rf6 17. Nd2 Re8 18. Rae1 Kf7 19. g4 Nb4 20. c3 Nxd3 21. g5 Rxf2+ 22. Kg1 Rxd2 23. Rf1+ Ke7 24. Re3 Nxb2 25. Rf2 Nc4 26. Rxd2 Nxd2 27. h4 0-1

[Event "Alberta-ch U16"]
[Site "Red Deer CAN"]
[Date "1997.12.13"]
[Round "2"]
[White "McLean, Nathan"]
[Black "Kazakevich, Anastasia"]
[Result "1-0"]
[WhiteElo "1852"]
[BlackElo "1288"]
[PlyCount "65"]
[GameId "2160767911874342"]
[EventDate "1997.12.13"]
[EventType "tourn"]
[EventRounds "5"]
[EventCountry "CAN"]
[SourceTitle "Albertabase"]
[SourceDate "2003.08.17"]
[SourceVersion "1"]
[SourceVersionDate "2003.08.17"]
[SourceQuality "1"]

1. e4 e5 2. Nf3 Nc6 3. d4 exd4 4. Nxd4 Nf6 5. Nc3 Bb4 6. Bg5 O-O 7. Be2 h6 8. Bh4 d6 9. O-O Qe7 10. Nd5 Qe5 11. Nxc6 bxc6 12. Nxb4 Qxe4 13. Bxf6 Qxb4 14. Bc3 Qe4 15. Bf3 Qg6 16. Bxc6 Rb8 17. Qd4 Rb6 18. Be4 f5 19. Bd5+ Kh8 20. h4 f4 21. h5 Qg5 22. Rae1 Ba6 23. Bc4 f3 24. g3 Bxc4 25. Qxc4 Rbb8 26. Qh4 Qxh4 27. gxh4 Rf4 28. Re7 Rg4+ 29. Kh2 Rf8 30. Rg1 Rxh4+ 31. Kg3 Rhf4 32. Rxg7 c5 33. Rg4+ 1-0

[Event "Alberta-ch U16"]
[Site "Red Deer CAN"]
[Date "1997.12.13"]
[Round "3"]
[White "Remoroza, Alvin"]
[Black "Kazakevich, Anastasia"]
[Result "1-0"]
[WhiteElo "1993"]
[BlackElo "1288"]
[PlyCount "89"]
[GameId "2160767911874343"]
[EventDate "1997.12.13"]
[EventType "tourn"]
[EventRounds "5"]
[EventCountry "CAN"]
[SourceTitle "Albertabase"]
[SourceDate "2003.08.17"]
[SourceVersion "1"]
[SourceVersionDate "2003.08.17"]
[SourceQuality "1"]

1. e4 e5 2. Nf3 Nc6 3. Bb5 d6 4. O-O Nf6 5. Re1 Be7 6. c3 O-O 7. h3 d5 8. exd5 Nxd5 9. Bxc6 bxc6 10. Nxe5 Qd6 11. d4 Qf6 12. Qa4 c5 13. Qc6 Qxc6 14. Nxc6 Bd6 15. dxc5 Bb7 16. Na5 Bxc5 17. Nxb7 Bb6 18. b4 Rfe8 19. Rd1 Nf6 20. Nc5 Rad8 21. Rf1 Re5 22. Be3 Red5 23. Na3 Bxc5 24. Bxc5 Rd3 25. Bd4 Ne4 26. Rad1 Rxd1 27. Rxd1 f5 28. Re1 Rc8 29. f3 c5 30. fxe4 cxd4 31. cxd4 fxe4 32. Rxe4 Rc1+ 33. Kh2 Ra1 34. Nc4 Rxa2 35. Nd6 g6 36. b5 Rd2 37. Nc8 Ra2 38. Re7 Rd2 39. Nxa7 Rxd4 40. b6 Rb4 41. b7 Kf8 42. Rc7 h5 43. Nc6 Rb5 44. b8=Q+ Rxb8 45. Nxb8 1-0

[Event "Alberta-ch U16"]
[Site "Red Deer CAN"]
[Date "1997.12.14"]
[Round "4"]
[White "Rajchel, John"]
[Black "Kazakevich, Anastasia"]
[Result "1-0"]
[WhiteElo "1715"]
[BlackElo "1288"]
[PlyCount "73"]
[GameId "2160767911874344"]
[EventDate "1997.12.13"]
[EventType "tourn"]
[EventRounds "5"]
[EventCountry "CAN"]
[SourceTitle "Albertabase"]
[SourceDate "2003.08.17"]
[SourceVersion "1"]
[SourceVersionDate "2003.08.17"]
[SourceQuality "1"]

1. e4 e5 2. Nf3 Nc6 3. Bb5 Bc5 4. O-O Nf6 5. d3 O-O 6. Bxc6 dxc6 7. Nxe5 Re8 8. Nf3 Bg4 9. Bg5 h6 10. Bh4 Qe7 11. h3 Bh5 12. Re1 Rad8 13. g4 g5 14. gxh5 gxh4 15. Nxh4 Kh7 16. Nf5 Qe5 17. Qd2 Rg8+ 18. Kh1 Rg5 19. f4 Nxe4 20. fxe5 Nxd2 21. Nxd2 Rxf5 22. Ne4 Bd4 23. c3 Bxe5 24. d4 Bd6 25. Rf1 Rxh5 26. Nf6+ Kg6 27. Nxh5 Kxh5 28. Rxf7 Kh4 29. Rf6 Rh8 30. Kg2 Rg8+ 31. Kf3 Rg3+ 32. Kf2 Rxh3 33. Rxh6+ Kg4 34. Rg1+ Bg3+ 35. Rxg3+ Rxg3 36. Rg6+ Kf4 37. Rxg3 1-0

[Event "Antigonish op"]
[Site "Antigonish CAN"]
[Date "1997.01.05"]
[Round "1"]
[White "Hanson, John"]
[Black "Cashin, Ken"]
[Result "1-0"]
[WhiteElo "1815"]
[BlackElo "1631"]
[PlyCount "67"]
[GameId "2160767911999591"]
[EventDate "1997.01.04"]
[EventType "swiss"]
[EventRounds "5"]
[EventCountry "CAN"]

1. e4 d6 2. d4 Nf6 3. f3 g6 4. Be3 Bg7 5. Nc3 O-O 6. Qd2 c6 7. O-O-O Bd7 8. e5 dxe5 9. dxe5 Ne8 10. f4 Qc7 11. Bc4 b5 12. Bb3 a5 13. a4 b4 14. Ne4 Bf5 15. Nc5 Bh8 16. e6 Nd6 17. exf7+ Nxf7 18. Ne6 Bxe6 19. Bxe6 Bf6 20. g4 Na6 21. Nf3 Rfd8 22. Qe2 Kf8 23. Bxf7 Rxd1+ 24. Rxd1 Kxf7 25. Qc4+ Kf8 26. f5 b3 27. Bh6+ Bg7 28. Bxg7+ Kxg7 29. Qd4+ Kg8 30. Qc4+ Kg7 31. Ng5 Qe5 32. Ne6+ Kf6 33. g5+ Kf7 34. Nd8+ 1-0

[Event "Antigonish op"]
[Site "Antigonish CAN"]
[Date "1997.01.04"]
[Round "2"]
[White "Bernard, Gilbert"]
[Black "Hanson, John"]
[Result "1/2-1/2"]
[WhiteElo "1761"]
[BlackElo "1815"]
[PlyCount "52"]
[GameId "2160767911999592"]
[EventDate "1997.01.04"]
[EventType "swiss"]
[EventRounds "5"]
[EventCountry "CAN"]

1. e4 c6 2. d4 d5 3. Nd2 dxe4 4. Nxe4 Nf6 5. Ng5 h6 6. N5f3 Bf5 7. Bc4 Qc7 8. Ne5 e6 9. Ngf3 Bd6 10. O-O Nbd7 11. Re1 O-O-O 12. Nxf7 g5 13. Nxd8 Kxd8 14. Ne5 Kc8 15. Qe2 Ne4 16. Bxe6 Bxe6 17. Qxe4 Bd5 18. Qf5 Bxe5 19. Rxe5 Rf8 20. Qh3 Qd6 21. Bd2 g4 22. Qxh6 Rf6 23. Re8+ Kc7 24. Qg5 Bxg2 25. Kxg2 Rxf2+ 26. Kxf2 Qxh2+ 1/2-1/2

[Event "Antigonish op"]
[Site "Antigonish CAN"]
[Date "1997.01.04"]
[Round "2"]
[White "Clair, Joe"]
[Black "Mayo, Alvah"]
[Result "1/2-1/2"]
[WhiteElo "1741"]
[BlackElo "1966"]
[PlyCount "111"]
[GameId "2160767911999593"]
[EventDate "1997.01.04"]
[EventType "swiss"]
[EventRounds "5"]
[EventCountry "CAN"]

1. e4 c5 2. Bc4 Nc6 3. c3 Nf6 4. d3 d6 5. Bg5 Qb6 6. Qd2 Ne5 7. Bb3 c4 8. Bxf6 Nxd3+ 9. Kf1 gxf6 10. Ba4+ Bd7 11. Bxd7+ Kxd7 12. Na3 Qc5 13. b4 Qc6 14. f3 h5 15. Ne2 Bh6 16. Qc2 Qa6 17. Nb1 Qb6 18. Nd4 Nxb4 19. Qa4+ Nc6 20. Na3 Qa5 21. Qxa5 Nxa5 22. Kf2 a6 23. Rab1 b5 24. Rhd1 Rab8 25. Nac2 Nb7 26. Nb4 Nc5 27. Nf5 Bf8 28. Nd5 Nd3+ 29. Kf1 Kd8 30. Nd4 Kd7 31. Ne3 Bh6 32. Nd5 Rb7 33. Nf5 Bf8 34. g3 e6 35. Nxf6+ Kc8 36. Ne3 Bg7 37. e5 Bxf6 38. exf6 Rh6 39. f4 Rxf6 40. Kg2 d5 41. Nc2 Rg6 42. Rf1 Kd8 43. a4 Ke8 44. f5 Rg5 45. f6 Rb6 46. axb5 axb5 47. Ra1 Rb8 48. Ra7 Nc5 49. Re7+ Kf8 50. Rc7 Ne4 51. Nd4 Ra8 52. Ra1 Re8 53. Raa7 Nxc3 54. Rxf7+ Kg8 55. Rh7 Kf8 56. f7 1/2-1/2

[Event "Antigonish op"]
[Site "Antigonish CAN"]
[Date "1997.01.04"]
[Round "2"]
[White "Hayward, Jim"]
[Black "Davies, Cedric"]
[Result "0-1"]
[WhiteElo "1825"]
[BlackElo "1750"]
[PlyCount "112"]
[GameId "2160767911999594"]
[EventDate "1997.01.04"]
[EventType "swiss"]
[EventRounds "5"]
[EventCountry "CAN"]

1. d4 Nf6 2. c4 e6 3. Nc3 Bb4 4. e3 b6 5. Bd3 Bb7 6. f3 d6 7. Nge2 O-O 8. a3 Bxc3+ 9. Nxc3 Nbd7 10. O-O Qe7 11. e4 c5 12. Be3 Rac8 13. Qe2 Rfd8 14. Rad1 a5 15. Qf2 e5 16. d5 Nf8 17. f4 Ng4 18. Qg3 Nxe3 19. Qxe3 exf4 20. Rxf4 Ng6 21. Rf5 Rf8 22. Rdf1 Rce8 23. Re1 Bc8 24. Rf2 Bd7 25. b3 Qd8 26. Qg3 Re5 27. Ref1 Qg5 28. Ne2 Bg4 29. Nf4 Nxf4 30. Rxf4 Bh5 31. Qxg5 Rxg5 32. Re1 Re5 33. g4 Bg6 34. Kf2 Rfe8 35. Kf3 R8e7 36. Re2 Kf8 37. h4 f6 38. h5 Be8 39. Rf5 Bd7 40. Rxe5 fxe5 41. Rg2 Rf7+ 42. Ke3 Rf4 43. Be2 Ke7 44. Rf2 Rxf2 45. Kxf2 Kf6 46. Kg3 Kg5 47. a4 Be8 48. Bf3 g6 49. hxg6 Bxg6 50. Bg2 h5 51. Bh1 h4+ 52. Kf3 Be8 53. Bg2 Bd7 54. Bh3 Bc8 55. Kf2 Bxg4 56. Bxg4 Kxg4 0-1

[Event "Antigonish op"]
[Site "Antigonish CAN"]
[Date "1997.01.04"]
[Round "3"]
[White "Hanson, John"]
[Black "Saunders, Steve"]
[Result "0-1"]
[WhiteElo "1815"]
[BlackElo "1903"]
[PlyCount "48"]
[GameId "2160767911999595"]
[EventDate "1997.01.04"]
[EventType "swiss"]
[EventRounds "5"]
[EventCountry "CAN"]

1. e4 c5 2. Nf3 d6 3. d3 Nc6 4. g3 g6 5. Bg2 Bg7 6. O-O e6 7. Re1 Nge7 8. Nbd2 O-O 9. a4 Rb8 10. c3 a6 11. Nh4 b5 12. axb5 axb5 13. f4 b4 14. e5 dxe5 15. Nc4 bxc3 16. fxe5 cxb2 17. Bxb2 Rxb2 18. Nxb2 Qd4+ 19. Kh1 Qxb2 20. Rb1 Qa3 21. Ra1 Qb4 22. Rb1 Qa5 23. Nf3 Rd8 24. Qc2 Nb4 0-1

[Event "Antigonish op"]
[Site "Antigonish CAN"]
[Date "1997.01.04"]
[Round "3"]
[White "Mayo, Alvah"]
[Black "Fleury, Bruce"]
[Result "1-0"]
[WhiteElo "1966"]
[BlackElo "1612"]
[PlyCount "57"]
[GameId "2160767911999596"]
[EventDate "1997.01.04"]
[EventType "swiss"]
[EventRounds "5"]
[EventCountry "CAN"]

1. e4 c5 2. Nc3 Nc6 3. f4 e6 4. Nf3 d6 5. Bc4 a6 6. a4 Be7 7. O-O Nf6 8. d3 Qc7 9. h3 b6 10. Be3 Bb7 11. Qd2 O-O 12. Rae1 Rad8 13. Ng5 d5 14. f5 dxc4 15. fxe6 Ne5 16. exf7+ Nxf7 17. Ne6 Qc6 18. Nxd8 Rxd8 19. Bf4 cxd3 20. Nd5 Nxd5 21. exd5 Rxd5 22. Rxe7 h6 23. Rc7 dxc2 24. Qxc2 Qf6 25. Rxb7 Qd4+ 26. Kh1 g5 27. Qg6+ Qg7 28. Qxg7+ Kxg7 29. Bh2 1-0

[Event "Antigonish op"]
[Site "Antigonish CAN"]
[Date "1997.01.05"]
[Round "4"]
[White "Poulette, Bradley"]
[Black "Hanson, John"]
[Result "1-0"]
[WhiteElo "1558"]
[BlackElo "1815"]
[PlyCount "83"]
[GameId "2160767911999597"]
[EventDate "1997.01.04"]
[EventType "swiss"]
[EventRounds "5"]
[EventCountry "CAN"]

1. d4 d5 2. Nc3 c6 3. Nf3 Nd7 4. e4 dxe4 5. Nxe4 Ngf6 6. Qe2 Nxe4 7. Qxe4 Nf6 8. Qe5 e6 9. Bg5 Bd6 10. Qe3 Qa5+ 11. c3 Nd5 12. Qd2 O-O 13. Bd3 Qc7 14. O-O Bf4 15. Bxf4 Qxf4 16. Qxf4 Nxf4 17. Bc4 b6 18. Ne5 Bb7 19. f3 Rfd8 20. Rad1 Rac8 21. Rfe1 g6 22. Re4 Nd5 23. Kf2 Nf6 24. Re2 c5 25. Red2 cxd4 26. Rxd4 Rxd4 27. Rxd4 Bd5 28. Ke3 Bxc4 29. Rxc4 Rxc4 30. Nxc4 Nd5+ 31. Kd4 Ne7 32. Ke5 Kg7 33. Kd6 Kf6 34. Kc7 Nd5+ 35. Kb7 Nf4 36. g3 Nd5 37. Kxa7 b5 38. Nd6 b4 39. cxb4 Nxb4 40. a4 Ke7 41. Nc4 Kd7 42. Kb7 1-0

[Event "Antigonish op"]
[Site "Antigonish CAN"]
[Date "1997.01.05"]
[Round "4"]
[White "Saunders, Steve"]
[Black "Mayo, Alvah"]
[Result "1/2-1/2"]
[WhiteElo "1903"]
[BlackElo "1966"]
[PlyCount "71"]
[GameId "2160767911999598"]
[EventDate "1997.01.04"]
[EventType "swiss"]
[EventRounds "5"]
[EventCountry "CAN"]

1. d4 g6 2. c4 Bg7 3. e4 d6 4. Nc3 Nf6 5. f3 O-O 6. Be3 Na6 7. Qd2 c5 8. Nge2 Qa5 9. d5 Nc7 10. Nc1 a6 11. Nb3 Qb6 12. Be2 Bd7 13. O-O Qa7 14. a4 b6 15. Nc1 Qb7 16. Nd3 b5 17. e5 Nfe8 18. axb5 axb5 19. Rxa8 Qxa8 20. exd6 exd6 21. Nf2 b4 22. Ncd1 Qa2 23. Nd3 Nf6 24. Nxc5 dxc5 25. Bxc5 Re8 26. Bxb4 Nfxd5 27. cxd5 Nxd5 28. Nc3 Nxc3 29. Bxc3 Bxc3 30. Qxd7 Rxe2 31. Qc8+ Kg7 32. Qxc3+ Kh6 33. Qc1+ Kg7 34. Qc3+ f6 35. Qc7+ Kh6 36. Qf4+ 1/2-1/2

[Event "Antigonish op"]
[Site "Antigonish CAN"]
[Date "1997.01.05"]
[Round "5"]
[White "Bernard, Gilbert"]
[Black "Mayo, Alvah"]
[Result "0-1"]
[WhiteElo "1761"]
[BlackElo "1966"]
[PlyCount "64"]
[GameId "2160767911999599"]
[EventDate "1997.01.04"]
[EventType "swiss"]
[EventRounds "5"]
[EventCountry "CAN"]

1. e4 c5 2. Nc3 Nc6 3. Bc4 g6 4. Nge2 Bg7 5. a3 d6 6. O-O Bd7 7. d3 e6 8. Be3 Nf6 9. f4 O-O 10. Rb1 a6 11. Qd2 Ng4 12. Kh1 Nxe3 13. Qxe3 b5 14. Ba2 Nd4 15. Qd2 Rc8 16. Nxd4 Bxd4 17. Ne2 Bg7 18. Ng3 h5 19. c3 Bh6 20. Qe2 h4 21. Nh5 gxh5 22. Qxh5 Qf6 23. Rf3 c4 24. g4 hxg3 25. Rxg3+ Kh7 26. Rbg1 cxd3 27. Bb1 Rg8 28. Bxd3 Bc6 29. h3 Rxg3 30. Rxg3 Rg8 31. Kh2 Qxf4 32. e5+ Kh8 0-1

[Event "Atlantic-ch U16"]
[Site "Halifax CAN"]
[Date "1997.11.23"]
[Round "5"]
[White "Reddy, Tyler"]
[Black "Sodha, Espen"]
[Result "1/2-1/2"]
[WhiteElo "1810"]
[BlackElo "1665"]
[PlyCount "88"]
[GameId "2160767911874354"]
[EventDate "1997.11.22"]
[EventType "tourn"]
[EventRounds "5"]
[EventCountry "CAN"]

1. c4 e5 2. g3 Nf6 3. Bg2 d5 4. cxd5 Nxd5 5. Nc3 Nb6 6. Nf3 Nc6 7. O-O Bc5 8. d3 O-O 9. Ne4 Be7 10. Bg5 f6 11. Be3 Nd5 12. Qb3 Na5 13. Qc2 Nxe3 14. fxe3 Nc6 15. Nc5 Bxc5 16. Qxc5 Qd6 17. Rac1 Qxc5 18. Rxc5 Ne7 19. Kf2 c6 20. d4 e4 21. Nd2 f5 22. a4 b6 23. Rc2 a5 24. Nc4 Rb8 25. Ne5 Be6 26. Nxc6 Nxc6 27. Rxc6 Bb3 28. Ra1 Rfc8 29. Rxc8+ Rxc8 30. Ra3 Bd5 31. Bh3 h5 32. Ke1 g6 33. Kd2 Kf7 34. Bg2 g5 35. h3 g4 36. Ra1 Rc4 37. Ra3 Ke6 38. Bf1 Kd6 39. h4 Kc7 40. Bg2 Kb7 41. Bf1 Ka6 42. Bg2 b5 43. axb5+ Kxb5 44. Rb3+ Rb4 1/2-1/2

[Event "Autumn Frost"]
[Site "Ottawa CAN"]
[Date "1997.11.06"]
[Round "1"]
[White "Pacey, Kevin"]
[Black "Sarkar, Prosanto"]
[Result "1-0"]
[WhiteElo "2315"]
[BlackElo "2298"]
[PlyCount "75"]
[GameId "2160767911874411"]
[EventDate "1997.11.06"]
[EventType "tourn"]
[EventRounds "6"]
[EventCountry "CAN"]

1. d4 d5 2. e3 Nf6 3. Bd3 Bg4 4. Ne2 e6 5. f3 Bh5 6. Nf4 Bd6 7. Nxh5 Nxh5 8. g3 c5 9. c3 Nc6 10. O-O g6 11. a3 Qc7 12. Qe1 Ng7 13. b4 cxd4 14. cxd4 O-O 15. Ra2 Rfd8 16. Rc2 Qd7 17. Bb2 Bf8 18. Nd2 Ne8 19. Nb3 Bg7 20. b5 Nb8 21. a4 Qe7 22. Qc1 Nd7 23. Ba3 Qf6 24. Nc5 Nxc5 25. dxc5 Rac8 26. c6 b6 27. Bb2 Qe7 28. Bxg7 Nxg7 29. Qb2 e5 30. Re1 Qd6 31. Rd1 Ne6 32. Bc4 Nc7 33. Bxd5 Nxd5 34. e4 Qe6 35. Rcd2 Qf6 36. exd5 Qxf3 37. Qxe5 Re8 38. Qf4 1-0

[Event "Autumn Frost"]
[Site "Ottawa CAN"]
[Date "1997.11.13"]
[Round "2"]
[White "Saleh, Maher"]
[Black "Pacey, Kevin"]
[Result "1/2-1/2"]
[WhiteElo "2309"]
[BlackElo "2336"]
[PlyCount "49"]
[GameId "2160767911874412"]
[EventDate "1997.11.06"]
[EventType "tourn"]
[EventRounds "6"]
[EventCountry "CAN"]

1. Nf3 d6 2. d4 g6 3. g3 Bg7 4. Bg2 Nc6 5. O-O e5 6. dxe5 dxe5 7. Qxd8+ Nxd8 8. Nc3 Bd7 9. Nd5 Ne6 10. Ng5 Rc8 11. Nxe6 Bxe6 12. Be3 b6 13. a4 a5 14. c4 Ne7 15. Nxe7 Kxe7 16. c5 Rb8 17. Rac1 Rhd8 18. cxb6 cxb6 19. Rc6 Rd6 20. Rfc1 Bd7 21. Rc7 Kf8 22. Bc6 Bh3 23. Bg2 Bd7 24. Bc6 Bh3 25. Bg2 1/2-1/2

[Event "Autumn Frost"]
[Site "Ottawa CAN"]
[Date "1997.11.23"]
[Round "3"]
[White "Djerkovic, Miladin"]
[Black "Pacey, Kevin"]
[Result "1-0"]
[WhiteElo "2357"]
[BlackElo "2336"]
[PlyCount "89"]
[GameId "2160767911874413"]
[EventDate "1997.11.06"]
[EventType "tourn"]
[EventRounds "6"]
[EventCountry "CAN"]

1. e4 Nc6 2. Nf3 e6 3. d4 d5 4. Nbd2 Nf6 5. e5 Nd7 6. c3 f6 7. Bd3 fxe5 8. Nxe5 Ndxe5 9. dxe5 Nxe5 10. Qh5+ Nf7 11. Bxh7 g6 12. Qxg6 Qd6 13. Nf3 e5 14. Ng5 Qe7 15. Bg8 Rxg8 16. Qxg8 Bf5 17. Qxf7+ Qxf7 18. Nxf7 Kxf7 19. f4 Re8 20. fxe5 Rxe5+ 21. Kf2 Bc5+ 22. Kf3 Be4+ 23. Kg3 Bd6 24. Rf1+ Kg6 25. Bf4 Rg5+ 26. Kh4 Rh5+ 27. Kg4 Be7 28. Bxc7 Rg5+ 29. Kf4 Bxg2 30. Rfe1 Rf5+ 31. Kg3 Rg5+ 32. Kf2 Bc5+ 33. Ke2 Bh3 34. Bg3 d4 35. Kd2 Rd5 36. Be5 dxc3+ 37. Kxc3 Bf2 38. Re2 Rc5+ 39. Kb4 a5+ 40. Ka3 Bh4 41. Bc3 b6 42. Rg1+ Kh6 43. Rg8 Bf5 44. Rh8+ Bh7 45. Re6+ 1-0

[Event "Autumn Frost"]
[Site "Ottawa CAN"]
[Date "1997.11.27"]
[Round "4"]
[White "Pacey, Kevin"]
[Black "Saleh, Maher"]
[Result "1/2-1/2"]
[WhiteElo "2320"]
[BlackElo "2309"]
[PlyCount "77"]
[GameId "2160767911874414"]
[EventDate "1997.11.06"]
[EventType "tourn"]
[EventRounds "6"]
[EventCountry "CAN"]

1. d4 Nf6 2. c4 g6 3. Nc3 d5 4. cxd5 Nxd5 5. e4 Nxc3 6. bxc3 Bg7 7. Bc4 c5 8. Ne2 Nc6 9. Be3 O-O 10. O-O Qc7 11. Rc1 Rd8 12. Kh1 e6 13. f4 Na5 14. Bd3 f5 15. Ng1 b6 16. Nf3 Bb7 17. exf5 Bxf3 18. Qxf3 exf5 19. Rcd1 Kh8 20. Rfe1 Rac8 21. Ba6 Rb8 22. Bb5 Qf7 23. dxc5 Bxc3 24. cxb6 axb6 25. Bxb6 Bxe1 26. Rxd8+ Rxd8 27. Bxd8 Qxa2 28. Bf6+ Kg8 29. Qe3 Bb4 30. Qe8+ Bf8 31. h3 Qf7 32. Qd8 Nb7 33. Qd4 Nd6 34. Bc6 Qc7 35. Qd5+ Nf7 36. Be5 Qe7 37. Bd7 Qc5 38. Qe6 Qe7 39. Qxe7 1/2-1/2

[Event "Autumn Frost"]
[Site "Ottawa CAN"]
[Date "1997.12.04"]
[Round "5"]
[White "Pacey, Kevin"]
[Black "Djerkovic, Miladin"]
[Result "0-1"]
[WhiteElo "2320"]
[BlackElo "2370"]
[PlyCount "38"]
[GameId "2160767911874415"]
[EventDate "1997.11.06"]
[EventType "tourn"]
[EventRounds "6"]
[EventCountry "CAN"]

1. e4 c5 2. c3 Nf6 3. e5 Nd5 4. d4 cxd4 5. cxd4 e6 6. a3 b6 7. Nf3 Bb7 8. Bd3 Be7 9. h4 d6 10. Ng5 dxe5 11. dxe5 Nc6 12. Qe2 Qc7 13. Nxh7 Nd4 14. Qd1 Nb3 15. Bb5+ Kd8 16. Ng5 Qxe5+ 17. Be2 Bxg5 18. Bxg5+ Qxg5 19. Nd2 Qxd2+ 0-1

[Event "Autumn Frost"]
[Site "Ottawa CAN"]
[Date "1997.12.11"]
[Round "6"]
[White "Sarkar, Prosanto"]
[Black "Pacey, Kevin"]
[Result "0-1"]
[WhiteElo "2298"]
[BlackElo "2320"]
[PlyCount "52"]
[GameId "2160767911874416"]
[EventDate "1997.11.06"]
[EventType "tourn"]
[EventRounds "6"]
[EventCountry "CAN"]

1. Nf3 d5 2. g3 Nf6 3. Bg2 e6 4. O-O Be7 5. c4 O-O 6. b3 c5 7. Bb2 Nc6 8. d3 d4 9. Nbd2 h6 10. Ne1 Qc7 11. Ne4 Nxe4 12. dxe4 e5 13. Nd3 Be6 14. Bc1 a6 15. f4 f6 16. Bd2 b5 17. Qc2 Nb4 18. Bxb4 cxb4 19. c5 a5 20. Rac1 Rfc8 21. Qd2 Ra6 22. Rc2 Rc6 23. Rfc1 Qa7 24. fxe5 fxe5 25. Nxe5 Rxc5 26. Nc6 R8xc6 0-1

[Event "Battle of Alberta"]
[Site "Red Deer CAN"]
[Date "1997.08.16"]
[Round "1"]
[White "Baunok, Zoltan"]
[Black "South, Robert"]
[Result "0-1"]
[WhiteElo "2090"]
[BlackElo "2310"]
[PlyCount "92"]
[GameId "2160767911932174"]
[EventDate "1997.08.16"]
[EventRounds "2"]
[EventCountry "CAN"]

1. e4 e5 2. Nf3 Nc6 3. c3 Nf6 4. d4 Nxe4 5. d5 Nb8 6. Nxe5 Bd6 7. Qg4 Bxe5 8. Qxe4 O-O 9. Bd3 Bxc3+ 10. Kd1 f5 11. Qc4 Be5 12. f4 Bd6 13. Nc3 a6 14. a4 b5 15. Qb3 b4 16. Ne2 a5 17. Nd4 Qh4 18. g3 Qh5+ 19. Be2 Qf7 20. Nb5 Bb7 21. Bc4 Na6 22. Be3 Rae8 23. Kd2 Re4 24. Rhe1 Rfe8 25. Bb6 Kh8 26. Nxd6 cxd6 27. Rxe4 Rxe4 28. Re1 Nc5 29. Bxc5 Rxe1 30. Kxe1 dxc5 31. d6 Qe8+ 32. Kd2 Qe4 33. Qd3 Qc6 34. Bb5 Qg2+ 35. Qe2 Qd5+ 36. Kc1 Qh1+ 37. Qd1 Qxh2 38. Bxd7 Qxg3 39. Bxf5 Qxf4+ 40. Qd2 Qf1+ 41. Qd1 Qxf5 42. d7 Qg5+ 43. Qd2 Qd8 44. Qd6 Kg8 45. Kd2 Kf7 46. Ke3 Qe7+ 0-1